000 00561cam a22002053a 4500
001 40430
003 PGUSA
005 20140828083913.0
008 120806s2012||||xxu|||||s|||||000 | eng d
040 _aPGUSA
_beng
042 _adc
100 1 _aOptic, Oliver,
_d1822-1897
245 1 0 _aIn The Saddle
_h[electronic resource] /
_cOliver Optic
260 _bProject Gutenberg,
_c2012
506 _aPublic domain in the USA.
516 _aElectronic text
830 0 _aProject Gutenberg
_v40430
856 4 0 _uhttp://www.gutenberg.org/ebooks/40430
942 _cEB
999 _c269683
_d269683